Countries Who Don't Relate with North Korea Quiz Stats

Quiz Updated Nov 2, 2014

Challenge
Share
Tweet
Embed
Score 0/33 Timer 05:00
6 Plays Today
% Correct
United States of America
93.7%
South Korea
75.3%
France
71.1%
Argentina
70.1%
Japan
69.3%
Chile
67.7%
Paraguay
61.8%
Uruguay
61.7%
Bolivia
59.1%
Ecuador
56.1%
Panama
48.7%
Marshall Islands
46.5%
Samoa
45.8%
Vatican City
45.5%
Tuvalu
45.1%
Palau
44.3%
Solomon Islands
44%
% Correct
Israel
43.9%
Micronesia
42.8%
Tonga
42.1%
Kiribati
41.3%
Haiti
41.3%
Honduras
40.1%
Taiwan
38.8%
Monaco
37.8%
Andorra
37.6%
El Salvador
36.8%
Iraq
36.2%
Saudi Arabia
28.8%
Estonia
22.2%
Bhutan
21.8%
Kosovo
21.6%
Botswana
4.4%

You're not logged in!

Compare scores with friends on all Sporcle quizzes.
Sign Up with Email
OR
Log In

You Might Also Like...

Show Comments

Extras

Top Quizzes Today


Score Distribution

Your Account Isn't Verified!

In order to create a playlist on Sporcle, you need to verify the email address you used during registration. Go to your Sporcle Settings to finish the process.